1208 1618 1272 1724 1304 1115 1349 1223 1287 1726 1215 1953 1559 1297 1972 1745 1668 1246 1528 1622 1249 1895 1599 1359 1626 1624 1999 1640 1592 1390 1184 1743 1498 1792 1960 1858 1151 1809 1870 1637 1252 1337 1839 1807 1914 1994 1332 1950 1727 1857 1154 1896 1467 1055 1872 1833 1955 1374 1146 1223 1378 1157 1955 1542 1848 1367 1113 1307 1968 1918 1055 1964 1921 1803 1519 1126 1243 1608 1392 1879 1548 1242 1509 1242 1912 1317 1910 1976 1618 1897 1805 1033 1308 1245 1791 1940 1370 2000 1731 BCNSPRNW ULIB Ver.6.0+V

เปลี่ยนเป็นภาษาไทย

Change to English
 แสดงรายละเอียดบรรณานุกรม
  กลับหน้าหลัก

Brief Record : Get Marc (ISO 2709) : E-mail record : QR code < ปิดหน้าต่าง
LEADER : 00000nam 2200000uu 4500
001    13399113517
003     ULIB
008    111123s2553||||th 000 0 tha d
020    ^a9786167210157
090    ^aนว.^bก823พ 2553
100 0  ^aจิน่า โชวอลเตอร์
245 00 ^aเพลิงรักผลาญใจ = Savor Me Slowly/^cจิน่า โชวอลเตอร์
250    ^aพิมพ์ครั้งที่ 1
260    ^aกรุงเทพฯ :^bวรวุฒิการพิมพ์,^c2553
300    ^a336 หน้า
710 1  ^aวรวุฒิการพิมพ์
945    ^p240^l0^i028032
995    ^aทศพร
999 ^a ทศพร
รายการนี้ยังไม่มีแท็ก
คุณยังไม่ได้ล็อกอิน คุณสามารถมีกิจกรรมร่วมกับเว็บไซต์ได้ แต่ต้องล็อกอินก่อน ::
  ล็อกอิน

รายการสื่อสารสนเทศ

ลำดับที่ ประเภท เลขเรียก/บาร์โค้ด สถานที่ สถานะ
1. นวนิยาย
นวนิยาย
นว. ก823พ 2553 ฉ.1 
  Barcode: 028032
ห้องสมุดวิทยาเขตสวรรค์ประชารักษ์
►นวนิยาย
บนชั้น
  ขอยืม

BibComment


ยังไม่เคยถูกคอมเมนท์

คอมเมนท์ทรัพยากรรายการนี้
  คอมเมนท์: เพลิงรักผลาญใจ ..


 Copyright 2026. Bcnsprnw @Library